Development administration : / (Record no. 278)

MARC details
000 -LEADER
fixed length control field 01068nam a22002417a 4500
001 - CONTROL NUMBER
control field BD-DhSAU 278
003 - CONTROL NUMBER IDENTIFIER
control field BD-DhSAU
005 - DATE AND TIME OF LATEST TRANSACTION
control field 20140907112304.0
008 - FIXED-LENGTH DATA ELEMENTS--GENERAL INFORMATION
fixed length control field 140907b bg a|||| |||| 001 0 eng d
040 ## - CATALOGING SOURCE
Transcribing agency BD-DhSAU
082 ## - DEWEY DECIMAL CLASSIFICATION NUMBER
Edition number 22
Classification number 350.5492/ AHD
100 ## - MAIN ENTRY--PERSONAL NAME
Personal name Ahamed, Emajuddin
245 ## - TITLE STATEMENT
Title Development administration :
Remainder of title Bangladesh /
Statement of responsibility, etc. Emajuddin Ahamed.
260 ## - PUBLICATION, DISTRIBUTION, ETC. (IMPRINT)
Place of publication, distribution, etc. Bangladesh:
Name of publisher, distributor, etc. Center for administrative studies.
Date of publication, distribution, etc. 1981.
300 ## - PHYSICAL DESCRIPTION
Extent vi, 96 p. :
Other physical details ill. ;
Dimensions 22 cm.
504 ## - BIBLIOGRAPHY, ETC. NOTE
Bibliography, etc Includes references.
650 ## - SUBJECT ADDED ENTRY--TOPICAL TERM
Topical term or geographic name as entry element Development adminstration.
Geographic subdivision Bangladesh.
650 ## - SUBJECT ADDED ENTRY--TOPICAL TERM
Topical term or geographic name as entry element Bureaucracy
Geographic subdivision --Bangladesh.
650 ## - SUBJECT ADDED ENTRY--TOPICAL TERM
Topical term or geographic name as entry element Bangladesh development.
Geographic subdivision Bangladesh.
650 ## - SUBJECT ADDED ENTRY--TOPICAL TERM
Topical term or geographic name as entry element Politics and government
Geographic subdivision Bangladesh--
856 ## - ELECTRONIC LOCATION AND ACCESS
Uniform Resource Identifier <a href="http://books.google.com.bd/books?id=9NAsAAAAIAAJ&q=Development+administration+bangladesh&dq=Development+administration+bangladesh&hl=bn&sa=X&ei=SOoLVMK_JIWxuAS5yoKwDw&redir_esc=y">http://books.google.com.bd/books?id=9NAsAAAAIAAJ&q=Development+administration+bangladesh&dq=Development+administration+bangladesh&hl=bn&sa=X&ei=SOoLVMK_JIWxuAS5yoKwDw&redir_esc=y</a>
856 ## - ELECTRONIC LOCATION AND ACCESS
Uniform Resource Identifier <a href="http://catalog.loc.gov/vwebv/holdingsInfo?searchId=11313&recCount=25&recPointer=0&bibId=2803395">http://catalog.loc.gov/vwebv/holdingsInfo?searchId=11313&recCount=25&recPointer=0&bibId=2803395</a>
942 ## - ADDED ENTRY ELEMENTS (KOHA)
Source of classification or shelving scheme Dewey Decimal Classification
Koha item type Book
Holdings
Withdrawn status Lost status Source of classification or shelving scheme Damaged status Not for loan Home library Branch Name Date acquired Total Checkouts Full call number Barcode Date last seen Price effective from Koha item type
    Dewey Decimal Classification     SAU Library SAU Library 07/09/2014   350.5492/ AHD 27811 07/09/2014 07/09/2014 Book